| 000 | 00563nam a22002057a 4500 | ||
|---|---|---|---|
| 003 | OSt | ||
| 005 | 20210414095040.0 | ||
| 008 | 210311s1969 ||||| |||| 00| 0 eng d | ||
| 040 |
_aeng _beng _cDLC |
||
| 041 | _aeng | ||
| 080 |
_a821.111 _bG-17 |
||
| 100 |
_91395 _aGann Ernest K. |
||
| 245 |
_aFate Is The Hunter _c/ by: Ballantine Books |
||
| 260 |
_aNew York _bBallantine Books _c1969 |
||
| 300 | _a386 p. | ||
| 365 | _b0.95 usd | ||
| 650 | 0 |
_9247 _aEnglish literature |
|
| 653 | _aინგლისური ლიტერატურა | ||
| 942 |
_2udc _cBK |
||
| 999 |
_c2183 _d2183 |
||